Universidad Nacional del Sur : [Anuario].
Guardado en:
| Autor Corporativo: | |
|---|---|
| Formato: | Libro |
| Idioma: | Spanish |
| Publicado: |
Bahía Blanca,
1992.
|
| Etiquetas: |
Agregar Etiqueta
Sin Etiquetas, Sea el primero en etiquetar este registro!
|
| LEADER | 00404nam a22001335a 4500 | ||
|---|---|---|---|
| 001 | EEA.libagro005286 | ||
| 005 | 20180913112530.0 | ||
| 008 | 130809s1992####ag############000#0#spa#d | ||
| 082 | 0 | 4 | |a 378.82 |
| 110 | 2 | |a Universidad Nacional del Sur. | |
| 245 | 1 | 0 | |a Universidad Nacional del Sur : |b [Anuario]. |
| 260 | |a Bahía Blanca, |c 1992. | ||
| 300 | |a 33 p. ; |c 29 cm. | ||
| 859 | |a AR-BbBCA |b BIB. AGRONOMIA |h 378.82 |i B151-2 |p 1996/2559 | ||
